Statistics for Grammar Quiz #2

Click here to take the quiz!

General Stats

  • This quiz has been taken 688 times
  • The average score is 9 of 10

Answer Stats

QuestionAnswer% Correct
I have been (accepted/excepted) into a University.Accepted
99%
(When's/Whens) (you're/your) Birthday?When's, your
98%
(Your/you're) being unreasonable.You're
98%
(Apostrophes/Apostrophe's) are one of the most commonly misused punctuation marks.Apostrophes
92%
Do not (lose/loose) your laptop.Lose
89%
I went outside to get a (breathe/breath) of fresh air.Breath
82%
Poor grammar has an adverse (affect/effect) on my mental health.Effect
79%
The man (that/which/who/whom) works in the store has three cats.Who
77%
I have two (daughter-in-laws/daughters-in-law).Daughters-in-law
76%
Every girl must pack (her/their) own picnic lunch.Her
64%

Score Distribution

Percentile by Number Answered

Percent of People with Each Score

Your Score History

You have not taken this quiz